[Event "ch-CHN 2018"]
[Site "Xinghua CHN"]
[Date "2018.04.26"]
[Round "8.6"]
[White "Xu, Jun"]
[Black "Xu, Xiangyu"]
[Result "1/2-1/2"]
[WhiteTitle "GM"]
[BlackTitle "GM"]
[WhiteElo "2501"]
[BlackElo "2574"]
[WhiteFideId "8600031"]
[BlackFideId "8608288"]
[EventDate "2018.04.18"]

1. d4 f5 2. g3 Nf6 3. Bg2 g6 4. Nf3 Bg7 5. O-O O-O 6. b3 b6 7. Bb2 Bb7 8. c4 e6
9. Nc3 Ne4 10. Rc1 Qe7 11. d5 Na6 12. Nd2 Nd6 13. Ba3 e5 14. b4 e4 15. c5 Nf7
16. Nc4 bxc5 17. bxc5 Nxc5 18. d6 cxd6 19. Nb5 d5 20. Ne3 d6 21. Nxd5 Qe5 22.
Ne3 Rfd8 23. Nc4 Qd5 24. Qe1 Nd3 25. exd3 Qxb5 26. Rb1 Qa6 27. Bb2 Bd5 28. Bxg7
Bxc4 29. dxc4 Kxg7 30. Qc3+ Ne5 31. f4 exf3 32. Bxf3 Rab8 33. Bd5 Qc8 34. Rb3
Qc5+ 35. Kg2 Rdc8 36. Rfb1 Rxb3 37. Rxb3 Rc7 38. Qb2 g5 39. Rb8 Kh6 40. Rf8 f4
41. Qb8 Ng6 42. Rf6 Kg7 43. Qd8 Qe3 44. Rxg6+ Kxg6 45. Qxd6+ Kf5 46. Qxc7 Qe2+ 1/2-1/2

[Event "ch-CHN 2018"]
[Site "Xinghua CHN"]
[Date "2018.04.27"]
[Round "9.1"]
[White "Xu, Xiangyu"]
[Black "Zhou, Jianchao"]
[Result "1/2-1/2"]
[WhiteTitle "GM"]
[BlackTitle "GM"]
[WhiteElo "2574"]
[BlackElo "2616"]
[WhiteFideId "8608288"]
[BlackFideId "8603537"]
[EventDate "2018.04.18"]

1. Nf3 Nf6 2. g3 c5 3. Bg2 Nc6 4. d4 cxd4 5. Nxd4 e5 6. Nxc6 dxc6 7. Qxd8+ Kxd8
8. Nd2 Nd5 9. Nc4 f6 10. Bd2 Be6 11. e4 Nb6 12. Ne3 Nc4 13. Nxc4 Bxc4 14. Bf1
Be6 15. Be3 Kc7 16. f3 Rd8 17. Bd3 b6 18. Kf2 Bc5 19. Rhd1 Bxe3+ 20. Kxe3 Rd4
21. Be2 Rxd1 22. Rxd1 Rd8 23. Rxd8 Kxd8 24. Kd2 g5 25. g4 c5 26. c4 a5 27. a4
Bd7 28. b3 h6 29. h3 Ke7 30. Ke3 Be6 1/2-1/2

[Event "ch-CHN 2018"]
[Site "Xinghua CHN"]
[Date "2018.04.27"]
[Round "9.2"]
[White "Wang, Chen"]
[Black "Xu, Jun"]
[Result "0-1"]
[WhiteTitle "IM"]
[BlackTitle "GM"]
[WhiteElo "2495"]
[BlackElo "2501"]
[WhiteFideId "8601020"]
[BlackFideId "8600031"]
[EventDate "2018.04.18"]

1. e4 c5 2. f4 d6 3. Bb5+ Bd7 4. Bxd7+ Qxd7 5. Nf3 g6 6. O-O Bg7 7. d3 Nc6 8.
Nc3 Nf6 9. Kh1 O-O 10. Qe1 Nd4 11. Nxd4 cxd4 12. Ne2 Rac8 13. f5 Rxc2 14. Nxd4
Rcc8 15. Qh4 Nh5 16. Be3 d5 17. e5 Bxe5 18. g4 Nf6 19. Nf3 Bxb2 20. Rab1 Rc2 21.
Nd4 Bxd4 22. Bxd4 Qa4 23. Rf4 Qa3 24. fxg6 fxg6 25. Qe1 Qxa2 26. Bg1 0-1

[Event "ch-CHN 2018"]
[Site "Xinghua CHN"]
[Date "2018.04.27"]
[Round "9.3"]
[White "Wen, Yang"]
[Black "Bai, Jinshi"]
[Result "1/2-1/2"]
[WhiteTitle "GM"]
[BlackTitle "GM"]
[WhiteElo "2585"]
[BlackElo "2586"]
[WhiteFideId "8602956"]
[BlackFideId "8602280"]
[EventDate "2018.04.18"]

1. e4 c6 2. Nc3 d5 3. Nf3 dxe4 4. Nxe4 Nf6 5. Qe2 Nxe4 6. Qxe4 Qd5 7. Qh4 Qe6+
8. Be2 Qg4 9. Qg3 g6 10. Ng5 Qxg3 11. hxg3 Bg7 12. Bc4 e6 13. c3 c5 14. Ne4 Nd7
15. Bb5 b6 16. Nd6+ Ke7 17. Nxc8+ Raxc8 18. d3 h5 19. a4 a5 20. Ke2 Nf6 21. Ba6
Ra8 22. Bb7 Rab8 23. Bf3 Bh6 24. Bxh6 Rxh6 25. g4 g5 26. g3 Rbh8 27. gxh5 g4 28.
Bg2 Rxh5 29. Rhd1 Rd8 30. Rab1 Rd6 31. d4 cxd4 32. Rxd4 Rxd4 33. cxd4 b5 1/2-1/2

[Event "ch-CHN 2018"]
[Site "Xinghua CHN"]
[Date "2018.04.27"]
[Round "9.4"]
[White "Liu, Yan"]
[Black "Xu, Yi"]
[Result "1/2-1/2"]
[WhiteTitle "IM"]
[BlackTitle "IM"]
[WhiteElo "2481"]
[BlackElo "2522"]
[WhiteFideId "8608962"]
[BlackFideId "8605564"]
[EventDate "2018.04.18"]

1. Nf3 Nf6 2. c4 e6 3. b3 d5 4. Bb2 c5 5. e3 Nc6 6. cxd5 exd5 7. Bb5 Bd6 8. O-O
O-O 9. Nc3 d4 10. Ne2 Bg4 11. Bxc6 bxc6 12. Ng3 h5 13. h3 h4 14. Ne4 Bh5 15.
Nxd6 Qxd6 16. Qc2 Bxf3 17. gxf3 Rfe8 18. Rac1 Re5 19. f4 Rd5 20. e4 Qxf4 21.
exd5 Ng4 22. hxg4 Qxg4+ 23. Kh2 Qf4+ 24. Kh3 Qf3+ 25. Kh2 Qf4+ 26. Kh3 Qf3+ 27.
Kh2 Qf4+ 28. Kh1 Qf3+ 29. Kh2 Qf4+ 30. Kh1 1/2-1/2

[Event "ch-CHN 2018"]
[Site "Xinghua CHN"]
[Date "2018.04.27"]
[Round "9.5"]
[White "Fang, Yuxiang"]
[Black "Lu, Shanglei"]
[Result "1/2-1/2"]
[WhiteTitle "GM"]
[BlackTitle "GM"]
[WhiteElo "2502"]
[BlackElo "2640"]
[WhiteFideId "8605840"]
[BlackFideId "8603332"]
[EventDate "2018.04.18"]

1. d4 Nf6 2. Nf3 e6 3. c4 d5 4. Nc3 dxc4 5. e3 a6 6. a4 c5 7. Bxc4 Nc6 8. O-O
Be7 9. dxc5 Bxc5 10. Qxd8+ Kxd8 11. e4 h6 12. Bd2 b6 13. Rfd1 Ke7 14. e5 Nd7 15.
Ne4 Bb7 16. Nxc5 bxc5 17. Bc3 Nb6 18. b3 Nxc4 19. bxc4 Rhd8 20. Rdb1 Rab8 21.
Rb2 Nb4 22. Bxb4 cxb4 23. Rxb4 Bxf3 24. Rxb8 Rxb8 25. gxf3 Rb4 26. a5 g5 27. Rc1
Ra4 28. Rb1 Rxa5 29. Rb7+ Kf8 30. Ra7 Kg7 31. Kg2 Kg6 32. Kg3 h5 33. h4 gxh4+
34. Kxh4 Rxe5 35. Rxa6 Rc5 36. Ra4 e5 37. Rb4 f6 38. f4 e4 39. Rb5 Rxc4 40. Rxh5
Rc3 41. f5+ Kg7 42. Kg4 Rf3 43. Rh3 Rxf2 44. Re3 Kf7 45. Rxe4 Rf1 1/2-1/2

[Event "ch-CHN 2018"]
[Site "Xinghua CHN"]
[Date "2018.04.27"]
[Round "9.6"]
[White "Liu, Guanchu"]
[Black "Zeng, Chongsheng"]
[Result "0-1"]
[WhiteTitle "IM"]
[BlackTitle "GM"]
[WhiteElo "2459"]
[BlackElo "2542"]
[WhiteFideId "8603901"]
[BlackFideId "8603847"]
[EventDate "2018.04.18"]

1. e4 d5 2. exd5 Nf6 3. Bb5+ Nbd7 4. Nc3 a6 5. Be2 Nb6 6. d4 g6 7. Nf3 Bg7 8.
O-O O-O 9. Bf4 Nfxd5 10. Nxd5 Nxd5 11. Be5 Bh6 12. Re1 Bf5 13. Bd3 Qd7 14. c4
Nb4 15. Bxf5 Qxf5 16. Re2 b5 17. Qb3 Qd3 18. Qxd3 Nxd3 19. cxb5 axb5 20. Bxc7
Rfc8 21. Bg3 Rxa2 22. Rd1 Nxb2 23. Rb1 Kf8 24. h4 Rc1+ 25. Rxc1 Bxc1 26. d5 Ra1
27. Kh2 Nd3 28. Rc2 Bf4 29. Bxf4 Nxf4 30. Rb2 Ra5 31. Nd4 Nxd5 32. Rxb5 Rxb5 33.
Nxb5 h5 34. g3 e5 35. Kg2 Ke7 36. Na3 Ke6 37. Nc4 Ne7 38. Kf3 Nf5 39. Ke2 Kd5
40. Nb6+ Ke4 41. Nc8 f6 42. Nb6 Nd4+ 43. Kf1 f5 44. Nd7 f4 45. Nf6+ Kf3 46. Nd7
Nc6 47. Nf8 Ne7 48. Nd7 fxg3 49. Nxe5+ Kf4 0-1

[Event "ch-CHN 2018"]
[Site "Xinghua CHN"]
[Date "2018.04.28"]
[Round "10.1"]
[White "Zhou, Jianchao"]
[Black "Zeng, Chongsheng"]
[Result "1/2-1/2"]
[WhiteTitle "GM"]
[BlackTitle "GM"]
[WhiteElo "2616"]
[BlackElo "2542"]
[WhiteFideId "8603537"]
[BlackFideId "8603847"]
[EventDate "2018.04.18"]

1. e4 d5 2. exd5 Nf6 3. Nf3 Qxd5 4. d4 Bg4 5. Be2 Nc6 6. h3 Bxf3 7. Bxf3 Qd7 8.
c3 e5 9. Qb3 Na5 10. Qc2 exd4 11. cxd4 Bb4+ 12. Nc3 O-O 13. O-O Qxd4 14. Ne2 Qc5
15. Qxc5 Bxc5 16. Bg5 Rfe8 17. Bxf6 gxf6 18. Rac1 Bd6 19. Ng3 Rad8 20. Rc2 Re6
21. Nf5 Bf4 22. g3 Be5 23. b4 Nc6 24. Bxc6 bxc6 25. Rfc1 Rd3 26. Rxc6 Ra3 27.
R6c2 Rd3 28. Kg2 h5 29. a4 a6 30. Rc4 Kh7 31. R1c2 Kg6 32. Nh4+ Kh7 33. Rc5 Kh6
34. Ra5 Bc3 35. Rc5 Be5 36. a5 Rb3 37. R2c4 Rb2 38. Rc6 Rxb4 39. Nf5+ Kg5 40.
Ne3 Rxc4 41. Rxc4 Kh6 42. Nd5 c6 43. Nb4 c5 44. Nd3 Rc6 45. Rxc5 Rxc5 46. Nxc5
Bc3 47. Nxa6 Bxa5 48. Nc5 Kg6 49. Kf3 Kf5 50. Nd3 Bc7 51. Ne1 Bb6 52. Ng2 Ba7
53. h4 Bb8 54. Ne3+ Kg6 55. Ke4 Ba7 56. f3 Bb8 57. Nf5 Ba7 58. Ne7+ Kg7 59. Kf5
Bf2 60. g4 Kf8 61. Nd5 hxg4 62. Kxg4 Kg7 63. Ne7 Be1 64. Nf5+ Kh7 65. h5 Bd2 66.
Kg3 Kg8 67. Kf2 Bc1 68. Ke2 Kf8 69. Kd3 Bg5 70. Ke4 Bc1 71. Nd6 Kg7 72. Nf5+ Kf8
73. Ng3 Kg7 74. Kf5 Kh6 75. Kg4 Kg7 76. Ne4 Bb2 77. Nd6 Be5 78. Nf5+ Kh7 79. Kh3
Bf4 80. Kg2 Kg8 81. Kf1 Kf8 82. Ke2 Bc1 83. Kd1 Bf4 84. Kc2 Bg5 85. Kd3 Bc1 86.
Kc4 Bd2 87. Kd5 Bc1 88. Kd6 Bf4+ 89. Kd7 Bc1 90. Kc6 Bd2 91. Kd5 Bc1 92. Ke4 Bd2
93. f4 Bc1 94. Nh6 Kg7 95. Ng4 Bd2 96. f5 Bg5 97. Kd5 Kf8 98. Kd6 Bf4+ 99. Kd7
Bg5 100. Kd8 Bf4 101. Nf2 Kg7 102. Ke7 Kh6 103. Kxf6 Kxh5 104. Kxf7 Bg5 105. Ne4
Bh4 106. Nf6+ Kg5 107. Ke6 Kh6 108. Ne8 Kh7 109. f6 Bxf6 110. Nxf6+ 1/2-1/2

[Event "ch-CHN 2018"]
[Site "Xinghua CHN"]
[Date "2018.04.28"]
[Round "10.2"]
[White "Lu, Shanglei"]
[Black "Liu, Guanchu"]
[Result "1-0"]
[WhiteTitle "GM"]
[BlackTitle "IM"]
[WhiteElo "2640"]
[BlackElo "2459"]
[WhiteFideId "8603332"]
[BlackFideId "8603901"]
[EventDate "2018.04.18"]

1. e4 e5 2. Bc4 Nf6 3. d3 c6 4. Nf3 d5 5. Bb3 a5 6. a4 Bb4+ 7. c3 Bd6 8. exd5
cxd5 9. Bg5 Be6 10. Na3 Nbd7 11. Nb5 Bb8 12. O-O O-O 13. Re1 h6 14. Bh4 Re8 15.
d4 e4 16. Nd2 Ra6 17. c4 dxc4 18. Bxc4 Bf4 19. Bxe6 Raxe6 20. d5 R6e7 21. Nc4 g5
22. d6 Re6 23. Bg3 Nb6 24. Ne3 1-0

[Event "ch-CHN 2018"]
[Site "Xinghua CHN"]
[Date "2018.04.28"]
[Round "10.3"]
[White "Xu, Yi"]
[Black "Fang, Yuxiang"]
[Result "1-0"]
[WhiteTitle "IM"]
[BlackTitle "GM"]
[WhiteElo "2522"]
[BlackElo "2502"]
[WhiteFideId "8605564"]
[BlackFideId "8605840"]
[EventDate "2018.04.18"]

1. e4 e5 2. Nf3 Nf6 3. d4 Nxe4 4. Bd3 d5 5. Nxe5 Bd6 6. O-O O-O 7. c4 Bxe5 8.
dxe5 Nc6 9. cxd5 Qxd5 10. Qc2 Nb4 11. Bxe4 Nxc2 12. Bxd5 Bf5 13. g4 Bxg4 14. Be4
Nxa1 15. Bf4 f5 16. Bd5+ Kh8 17. Rc1 c6 18. Bg2 Rfd8 19. Nd2 h6 20. h4 Rd4 21.
Be3 Rb4 22. b3 Nxb3 23. axb3 Bh5 24. f4 Bf7 25. Rc3 Rd8 26. Bf1 a5 27. Bc4 Bxc4
28. Nxc4 a4 29. bxa4 Rd1+ 30. Kf2 Rxa4 31. Nd6 g6 32. Nxb7 Ra2+ 33. Kg3 Kg7 34.
Nc5 Ra8 35. h5 gxh5 36. Ne6+ Kh7 37. Nd4 h4+ 38. Kh3 Rg8 39. Kh2 Rf8 40. Nf3
Rfd8 41. Bc5 Rg8 42. Be3 Rgd8 43. Bf2 Rg8 44. Nxh4 Rd2 45. Rf3 c5 46. Nxf5 c4
47. Nd6 c3 48. Ne4 c2 49. Rc3 Re2 50. Nf6+ Kh8 51. Nxg8 Rxf2+ 52. Kg3 Rd2 53.
Rc8 Rd8 54. Rxc2 Kxg8 55. Kg4 Kf7 56. Kf5 h5 57. Rc7+ Kg8 58. Kg5 Rf8 59. Rc4
Kf7 60. f5 Ke7 61. Rc7+ Kd8 62. Ra7 1-0

[Event "ch-CHN 2018"]
[Site "Xinghua CHN"]
[Date "2018.04.28"]
[Round "10.4"]
[White "Bai, Jinshi"]
[Black "Liu, Yan"]
[Result "1-0"]
[WhiteTitle "GM"]
[BlackTitle "IM"]
[WhiteElo "2586"]
[BlackElo "2481"]
[WhiteFideId "8602280"]
[BlackFideId "8608962"]
[EventDate "2018.04.18"]

1. d4 Nf6 2. c4 e6 3. g3 Bb4+ 4. Nd2 c5 5. a3 Bxd2+ 6. Qxd2 cxd4 7. Nf3 b6 8.
Bg2 Bb7 9. Qxd4 Nc6 10. Qf4 Rc8 11. b4 Ne7 12. Bb2 Ng6 13. Qd4 d5 14. cxd5 Qxd5
15. Qxd5 Bxd5 16. O-O O-O 17. Rfc1 Ne7 18. Bxf6 gxf6 19. Nd4 Bxg2 20. Kxg2 f5
21. h3 Rfd8 22. e3 Kg7 23. g4 Kf6 24. f4 h6 25. Kf3 a6 26. a4 Rg8 27. b5 a5 28.
Nc6 Ng6 29. Rg1 e5 30. Rad1 Rce8 31. Rd6+ Re6 32. g5+ hxg5 33. fxg5+ Kg7 34.
Rxe6 fxe6 35. Rd1 e4+ 36. Kg3 e5 37. Rd7+ Kh8 38. Rd5 f4+ 39. Kf2 Re8 40. h4
Nxh4 41. Rxe5 Rf8 42. Rxe4 fxe3+ 43. Kxe3 Nf5+ 44. Kd3 Nd6 45. Re6 Nb7 46. Rh6+
Kg8 47. Rg6+ Kh7 48. Rh6+ Kg8 49. Ne7+ Kg7 50. Rxb6 Nc5+ 51. Kd4 Nxa4 52. Ra6
Rd8+ 53. Nd5 Kf7 54. Rf6+ Kg7 55. Ra6 Kf7 56. Rf6+ Kg7 57. b6 Rh8 58. Nf4 Rb8
59. b7 Rxb7 60. Ne6+ Kg8 61. g6 Rb4+ 62. Ke3 Rb3+ 63. Kd2 Rb8 64. g7 1-0

[Event "ch-CHN 2018"]
[Site "Xinghua CHN"]
[Date "2018.04.28"]
[Round "10.5"]
[White "Xu, Jun"]
[Black "Wen, Yang"]
[Result "0-1"]
[WhiteTitle "GM"]
[BlackTitle "GM"]
[WhiteElo "2501"]
[BlackElo "2585"]
[WhiteFideId "8600031"]
[BlackFideId "8602956"]
[EventDate "2018.04.18"]

1. d4 d6 2. Nf3 g6 3. c4 Bg7 4. Nc3 Nc6 5. d5 Bxc3+ 6. bxc3 Na5 7. c5 dxc5 8. c4
c6 9. e4 Nf6 10. e5 Ne4 11. Ng5 Nxg5 12. Bxg5 h6 13. Be3 b6 14. Be2 Ba6 15. Qa4
Qd7 16. e6 fxe6 17. dxc6 Qxc6 18. Qc2 O-O-O 19. O-O g5 20. f4 g4 21. f5 h5 22.
Rf2 exf5 23. Qxf5+ Qd7 24. Qe4 Bb7 25. Qg6 Qd6 26. Qxd6 exd6 27. Rf5 Rde8 28.
Kf2 Rhf8 29. Rxf8 Rxf8+ 30. Kg3 Re8 31. Kf2 Bxg2 32. Rd1 Bf3 0-1

[Event "ch-CHN 2018"]
[Site "Xinghua CHN"]
[Date "2018.04.28"]
[Round "10.6"]
[White "Xu, Xiangyu"]
[Black "Wang, Chen"]
[Result "1-0"]
[WhiteTitle "GM"]
[BlackTitle "IM"]
[WhiteElo "2574"]
[BlackElo "2495"]
[WhiteFideId "8608288"]
[BlackFideId "8601020"]
[EventDate "2018.04.18"]

1. Nf3 c5 2. c4 g6 3. d4 cxd4 4. Nxd4 Bg7 5. Nc3 Nf6 6. g3 O-O 7. Bg2 d6 8. O-O
Nbd7 9. b3 Nc5 10. Bb2 Rb8 11. Qd2 Bd7 12. Rad1 a6 13. Rfe1 Qc7 14. e4 b5 15. b4
Na4 16. Nxa4 bxa4 17. a3 Rfd8 18. Rc1 e5 19. Ne2 Be6 20. Nc3 Qxc4 21. Nd5 Bxd5
22. Rxc4 Bxc4 23. Bf1 Bb5 24. f3 d5 25. Bxe5 dxe4 26. Qf4 Nd5 27. Qxe4 Bxe5 28.
Qxe5 Re8 29. Qa1 Ne3 30. Bxb5 axb5 31. Qd4 Nc4 32. Rxe8+ Rxe8 33. Qd7 Rb8 34.
Qd3 Rb6 35. Qd8+ Kg7 36. Qd4+ Kg8 37. g4 h6 38. Kf2 Re6 39. f4 Nxa3 40. f5 Ra6
41. f6 Kh7 42. Qd8 g5 43. Kg1 Nc4 44. Qe7 Kg6 45. Qf8 1-0

[Event "ch-CHN 2018"]
[Site "Xinghua CHN"]
[Date "2018.04.29"]
[Round "11.1"]
[White "Wang, Chen"]
[Black "Zhou, Jianchao"]
[Result "1/2-1/2"]
[WhiteTitle "IM"]
[BlackTitle "GM"]
[WhiteElo "2495"]
[BlackElo "2616"]
[WhiteFideId "8601020"]
[BlackFideId "8603537"]
[EventDate "2018.04.18"]

1. d4 Nf6 2. Nf3 g6 3. Bg5 Bg7 4. Nbd2 d5 5. e3 O-O 6. Be2 Nbd7 7. O-O c5 8. c3
b6 9. a4 a6 10. h3 Bb7 11. Bf4 Ne8 12. Qb1 Rc8 13. Rd1 Nd6 14. Qa2 Re8 15. Ne5
Nf6 16. Bh2 e6 17. Rac1 h5 18. Nef3 c4 19. b4 b5 20. a5 Nde4 21. Qc2 Bh6 22. Rf1
Nh7 23. Rce1 Nf8 24. Bd1 Nxd2 25. Nxd2 Nd7 26. f4 Nf6 27. g4 hxg4 28. hxg4 Ne4
29. Bf3 f5 30. g5 Bf8 31. Kg2 Re7 32. Bg3 Rh7 33. Rh1 Rcc7 34. Rd1 Bd6 35. Rxh7
Rxh7 36. Nxe4 dxe4 37. Be2 Be7 38. Qc1 Bc6 39. Rh1 Rxh1 40. Kxh1 Kf7 41. Kg2 Qf8
42. Qh1 Kg8 43. Qe1 Bd5 44. Kg1 Qc8 45. Qb1 Qc7 46. Kf2 Bf8 47. Kg2 Qa7 48. Kf2
Qh7 49. Kg2 Be7 50. Qh1 Qg7 51. Qb1 Bd6 52. Kf2 Qh8 53. Kg2 Kf7 54. Qh1 Qg7 55.
Qb1 Kg8 56. Kf2 Qh8 57. Kg2 Be7 58. Qh1 Qg7 59. Qb1 Qf8 60. Kf2 Bc6 61. Qe1 Qd8
62. Qc1 Kf7 63. Qh1 Qg8 64. Qb1 Qh8 65. Kg2 Bd6 66. Qh1 Qg7 67. Qb1 Qh8 68. Qh1
Qxh1+ 69. Kxh1 Bd5 1/2-1/2

[Event "ch-CHN 2018"]
[Site "Xinghua CHN"]
[Date "2018.04.29"]
[Round "11.2"]
[White "Wen, Yang"]
[Black "Xu, Xiangyu"]
[Result "1/2-1/2"]
[WhiteTitle "GM"]
[BlackTitle "GM"]
[WhiteElo "2585"]
[BlackElo "2574"]
[WhiteFideId "8602956"]
[BlackFideId "8608288"]
[EventDate "2018.04.18"]

1. e4 c5 2. Nf3 d6 3. d4 cxd4 4. Nxd4 Nf6 5. Nc3 Nc6 6. Bg5 e6 7. Qd2 a6 8.
O-O-O Bd7 9. f3 Be7 10. h4 h6 11. Be3 h5 12. Kb1 b5 13. Nxc6 Bxc6 14. Ne2 d5 15.
Nd4 Bb7 16. e5 Nd7 17. f4 g6 18. Qf2 Nc5 19. Bd3 Qc7 20. Nb3 Na4 21. c3 O-O-O
22. Ba7 Bc6 23. Rc1 Bd7 24. Be2 Kb7 25. Bd4 Rc8 26. Qe3 Kb8 27. Bf3 Bc6 28. g3
Ba8 29. Rh2 Bb7 30. Rhc2 Ba8 31. Bg2 Bb7 32. Bh1 Ba8 33. Bf3 Bb7 34. Qe2 Nc5 35.
Nd2 Na4 36. Qe3 Bc5 37. Be2 Ka8 38. b3 Nb6 39. Bxc5 Qxc5 40. Qxc5 Rxc5 41. Nf3
Rc7 42. Ng5 Ka7 43. Kb2 Rf8 44. Rd1 Nd7 45. Rd4 Nc5 46. Bd3 Kb6 47. Re2 a5 48.
Re3 Rfc8 49. Bb1 Na6 50. a3 Nc5 51. Bc2 Bc6 52. b4 Na4+ 53. Bxa4 bxa4 54. bxa5+
Kxa5 55. Nf3 Bb5 56. Rb4 Rc4 57. Nd4 Ba6 58. Rf3 R8c7 59. Re3 Rc8 60. Rf3 R8c7
61. Re3 Rc8 1/2-1/2

[Event "ch-CHN 2018"]
[Site "Xinghua CHN"]
[Date "2018.04.29"]
[Round "11.3"]
[White "Liu, Yan"]
[Black "Xu, Jun"]
[Result "1-0"]
[WhiteTitle "IM"]
[BlackTitle "GM"]
[WhiteElo "2481"]
[BlackElo "2501"]
[WhiteFideId "8608962"]
[BlackFideId "8600031"]
[EventDate "2018.04.18"]

1. Nf3 c5 2. b3 d5 3. e3 Nc6 4. Bb5 e6 5. Bb2 Ne7 6. c4 a6 7. Ba4 Bd7 8. O-O Nf5
9. d3 Be7 10. cxd5 exd5 11. e4 dxe4 12. dxe4 Nfd4 13. Bxc6 Bxc6 14. Nxd4 cxd4
15. Qxd4 Qxd4 16. Bxd4 O-O-O 17. Bxg7 Rhg8 18. Bb2 Bxe4 19. g3 f5 20. Nc3 Bc6
21. Na4 b5 22. Rac1 Rg6 23. Nc5 f4 24. Rc2 fxg3 25. fxg3 h5 26. b4 h4 27. Be5
Rd5 28. Bf4 a5 29. Re1 hxg3 30. hxg3 Bd6 31. Ne6 Kd7 32. Bxd6 Kxd6 33. Nf4 Rxg3+
34. Kh2 Rg4 35. Nxd5 Bxd5 36. bxa5 Ra4 37. Re8 Kd7 38. Re5 Kd6 39. Rh5 b4 40.
Rh6+ Ke5 41. Re2+ Kf4 42. Rf6+ Kg5 43. Rff2 Kg4 44. Rb2 Kg5 45. Rb1 Rxa5 46.
Rg1+ Kh6 47. Rf6+ Kh7 48. Rf5 Rxa2+ 49. Kg3 Be4 50. Rf4 Bg6 51. Rxb4 Ra6 52. Kf4
Kg7 53. Kg4 Kf6 54. Rf1+ Ke5 55. Kg5 Bc2 56. Rb5+ Kd4 57. Rf4+ Kd3 58. Rd5+ Ke3
59. Rc4 Rg6+ 60. Kh4 Rh6+ 61. Kg5 Rg6+ 62. Kh5 Rg2 63. Rd8 Rh2+ 64. Kg5 Rg2+ 65.
Kf6 Rf2+ 66. Ke7 Bf5 67. Rc3+ Ke4 68. Ra3 Ke5 69. Ra5+ Ke4 70. Ra4+ Ke5 71. Rb8
Rd2 72. Rb7 Rd5 73. Ra1 Be4 74. Rb4 Rd4 75. Rb6 Rd5 76. Re6+ 1-0

[Event "ch-CHN 2018"]
[Site "Xinghua CHN"]
[Date "2018.04.29"]
[Round "11.4"]
[White "Fang, Yuxiang"]
[Black "Bai, Jinshi"]
[Result "1/2-1/2"]
[WhiteTitle "GM"]
[BlackTitle "GM"]
[WhiteElo "2502"]
[BlackElo "2586"]
[WhiteFideId "8605840"]
[BlackFideId "8602280"]
[EventDate "2018.04.18"]

1. d4 Nf6 2. Nf3 g6 3. c4 Bg7 4. g3 d5 5. Bg2 O-O 6. O-O Nc6 7. cxd5 Nxd5 8. Nc3
Nb6 9. e3 Re8 10. b3 e5 11. Nxe5 Nxe5 12. dxe5 Qxd1 13. Rxd1 Bxe5 14. Bb2 c6 15.
Rd2 Bf5 16. Rad1 a5 17. Bf3 h5 18. Kg2 Bg7 19. h3 a4 20. Nxa4 Nxa4 21. bxa4 Rxa4
22. Rd8 Rxd8 23. Rxd8+ Kh7 24. Bxg7 Kxg7 25. Rb8 Ra7 26. g4 hxg4 27. hxg4 Be6
28. a4 Kf6 29. Bd1 Ke5 30. f4+ Ke4 31. Kf2 Kd3 32. Be2+ Kc3 33. e4 Rxa4 34. f5
gxf5 35. gxf5 Ba2 36. Rxb7 Rxe4 37. Bf3 Rc4 38. Rc7 Rf4 39. Ke3 Rxf5 40. Rxc6+
Kb4 41. Be4 Rf1 42. Rb6+ Kc5 43. Rc6+ Kb4 44. Rb6+ Kc3 45. Rc6+ Kb2 46. Rb6+ Kc3
47. Rc6+ Kb4 48. Rb6+ Kc5 49. Rc6+ Kb5 50. Bd3+ Kxc6 51. Bxf1 Kd5 52. Kf4 Ke6
53. Bd3 Kf6 54. Bb5 Kg7 55. Be8 f6 56. Bb5 Bb1 57. Bc6 Bd3 58. Bd5 Kf8 59. Bc6
Ke7 60. Bd5 Kd6 61. Bb7 Ke6 62. Bc6 Bc2 63. Bb7 Ba4 64. Be4 Bb3 65. Bc6 Bd5 66.
Bxd5+ Kxd5 67. Kf5 Kc6 68. Kxf6 Kd5 1/2-1/2

[Event "ch-CHN 2018"]
[Site "Xinghua CHN"]
[Date "2018.04.29"]
[Round "11.5"]
[White "Liu, Guanchu"]
[Black "Xu, Yi"]
[Result "0-1"]
[WhiteTitle "IM"]
[BlackTitle "IM"]
[WhiteElo "2459"]
[BlackElo "2522"]
[WhiteFideId "8603901"]
[BlackFideId "8605564"]
[EventDate "2018.04.18"]

1. e4 c6 2. Nc3 d5 3. Nf3 Nf6 4. e5 Ne4 5. d4 Nxc3 6. bxc3 c5 7. Bb5+ Bd7 8. a4
a6 9. Bxd7+ Qxd7 10. Ba3 e6 11. O-O Nc6 12. Qd3 Rc8 13. Nd2 Be7 14. f4 O-O 15.
dxc5 Na5 16. c4 Bxc5+ 17. Bxc5 Rxc5 18. Nb3 Nxb3 19. cxb3 Qc6 20. cxd5 Rxd5 21.
Qe3 g6 22. h4 h5 23. Rac1 Qd7 24. Rc3 Rd8 25. Rfc1 Qe7 26. g3 b5 27. axb5 axb5
28. Kg2 Rd2+ 29. Kh3 Qb7 30. Qf3 Qb6 31. Rc5 R8d3 32. Qc6 Qxc6 33. Rxc6 Rxb3 34.
R6c2 Rdd3 35. Rg1 Kg7 36. Ra2 b4 37. Kh2 Rbc3 38. Rb2 b3 0-1

[Event "ch-CHN 2018"]
[Site "Xinghua CHN"]
[Date "2018.04.29"]
[Round "11.6"]
[White "Zeng, Chongsheng"]
[Black "Lu, Shanglei"]
[Result "1/2-1/2"]
[WhiteTitle "GM"]
[BlackTitle "GM"]
[WhiteElo "2542"]
[BlackElo "2640"]
[WhiteFideId "8603847"]
[BlackFideId "8603332"]
[EventDate "2018.04.18"]

1. d4 Nf6 2. Nf3 e6 3. c4 d5 4. g3 dxc4 5. Bg2 c5 6. O-O Nc6 7. Qa4 Bd7 8. Qxc4
b5 9. Qd3 c4 10. Qd1 Rc8 11. Ne5 Be7 12. a4 a6 13. axb5 axb5 14. Nc3 b4 15. Nxd7
Qxd7 16. d5 Ne5 17. dxe6 fxe6 18. Qxd7+ Nexd7 19. Nb5 Kf7 20. Bf4 e5 21. Be3
Rhd8 22. Rfc1 e4 23. Bh3 h5 24. Ra6 Ng4 25. Bxg4 hxg4 26. Na7 Bf6 27. Nxc8 Rxc8
28. Ra4 Bxb2 29. Rd1 Nf6 30. Rxb4 c3 31. Rb7+ Ke6 32. Rb6+ Ke5 33. Bf4+ Kf5 34.
Rdd6 Rc5 35. Be3 Rd5 36. Rdc6 Nd7 37. Rb7 Ne5 38. Ra6 c2 39. Rxb2 Nf3+ 40. Kg2
Ne1+ 41. Kf1 Nf3 42. Ra5 Rxa5 43. Rxc2 Ra1+ 44. Rc1 Rxc1+ 45. Bxc1 Nd4 46. Ke1
Ke6 47. Bb2 Nf5 48. Kf1 g6 49. Kg2 Nd6 50. f3 exf3+ 51. exf3 Kf5 52. fxg4+ Kxg4
53. h3+ Kf5 54. g4+ Ke4 55. Bc1 Nf7 56. Kg3 g5 57. Bd2 Kd3 58. Ba5 Ke4 59. Bb4
Ne5 60. Bd2 Nf7 61. Bc1 Kd3 62. Kf3 Ne5+ 63. Kg3 Nf7 64. Bb2 Ke4 65. Kf2 Ne5 66.
Bxe5 Kxe5 67. Ke3 Kd5 68. Kf3 Ke5 69. Kg3 Kf6 70. Kg2 Kg6 71. Kf3 Kf6 72. Ke4
Ke6 73. Kd4 Kd6 74. Ke3 Ke5 75. Kf3 Kf6 76. Kg2 Ke5 77. h4 gxh4 78. Kh3 Kf6 79.
Kxh4 Kg6 80. g5 1/2-1/2